| 000 | 00392nam a2200181Ia 4500 | ||
|---|---|---|---|
| 001 | 7903 | ||
| 005 | 20250626025532.0 | ||
| 008 | 211022s9999 xx 000 0 und d | ||
| 020 | _a0904406008 | ||
| 082 | _a728.3 ENV | ||
| 100 | _aEnviornment, GB. | ||
| 245 | 0 | _aHousing the family | |
| 260 | _aLancaster | ||
| 260 | _bMTP Construction | ||
| 260 | _c1974 | ||
| 300 | _a264 | ||
| 942 | _cBK | ||
| 999 |
_c4844 _d4844 |
||